00253nam a2200097Ia 4500008004000000082001500040100002100055245002700076260004400103300000800147210210b1972 xxu||||| |||| 00| 0 eng d a320.4 CLUP aCLUMP (Cyril C). aPractical citizenship. aAllahabad.bBetter yourself booksc1972 a223